Most Populous Cities Under 1,000,000 - Statistics

General Stats
  • This quiz has been taken 3 times
  • The average score is 4 of 16
Answer Stats
Population City Country % Correct
997,953 Libreville Gabon
100%
991,209 San Jose United States
67%
989,400 {Central} Region Singapore
33%
977,740 Charlotte United States
33%
996,039 Guntur India
33%
989,436 Homs Syria
33%
983,800 {North}-{East} Region Singapore
33%
978,231 Okayama Japan
33%
978,231 Bahawalpur Pakistan
0%
994,675 Changwon South Korea
0%
996,429 Firozabad India
0%
999,678 Gombak Malaysia
0%
990,995 Malang Indonesia
0%
977,783 Mayo-Kebbi-Ouest Chad
0%
986,863 Nakhon Sawan Thailand
0%
977,783 Xuchang China
0%
No matching quizzes found
Score Distribution
Percent of People with Each Score
Percentile by Number Answered
Your Score History
You have not taken this quiz